|
|
|
|
| LEADER |
00000nam a22000007a 4500 |
| 005 |
20201117212528.0 |
| 007 |
cr|||| |||| |
| 008 |
201117s2020 br |||||s|||| 00||0 por d |
| 020 |
|
|
|a 978-85-8310-106-2
|
| 035 |
|
|
|a 32288
|
| 040 |
|
|
|a vLex
|
| 090 |
|
|
|c 10873
|d 10873
|
| 100 |
1 |
|
|a Campos Ribeiro Sime̳s, Argos
|
| 245 |
1 |
1 |
|a A funȯ̂ relacional do tempo nas hipt̤eses de decadn̊cia e de prescriȯ̂
|h [Recurso electrn̤ico] :
|b Um enfoque tributr̀io /
|c Argos Campos Ribeiro Sime̳s
|
| 256 |
|
|
|a Servicio en ln̕ea
|
| 260 |
|
|
|a San Pablo:
|b Editora Noeses,
|c 2020
|
| 300 |
|
|
|a 1 recurso electrn̤ico
|
| 506 |
1 |
|
|a Disponible solo en los productos indicados
|d vLex Global
|d vLex Global (Academic Edition, excluding Law Schools)
|d vLex Global (U.S. Academic Edition, Law Schools)
|d vLex Global (U.S. Academic Edition, excluding Law Schools)
|d vLex Global (Academic Edition, Law Schools)
|
| 650 |
0 |
4 |
|a Derecho Fiscal
|z Brasil
|
| 740 |
0 |
|
|a vLex Libros (Servicio en ln̕ea)
|
| 856 |
4 |
0 |
|u http://vlex.com/source/fun-o-relacional-tempo-hipoteses-decad-ncia-prescri-o-32288
|z Acceso restringido
|
| 942 |
|
|
|c BOOK
|
| 999 |
0 |
|
|a Tax Law
|